Sudden Death - 1960s Edition - Statistics

General Stats
  • This quiz has been taken 330 times
  • The average score is 4 of 16
Answers on the Grid
Answers color-coded by a green-red scale on the quiz's grid according to % correct below.
Cuban Missile Crisis
Woodstock
U2 Incident
Breakup of the Beatles
Suez Crisis
Prague Spring
Independence of Bangladesh
Brown v. Board of Education
Malcolm X assassination
Challenger Explosion
Yom Kippur War
Cultural Revolution begins
Mexico City Olympics
Apollo 11 Mission
Star Trek: The Original Series
JFK assassination
Color TV invented
Kent State Shooting
Jimi Hendrix dies
Jonestown Massacre
Summer of Love
Fall of Saigon
"Sound of Silence" released
Tiananmen Square Massacre
Rosa Parks arrested
Lawrence of Arabia released
Independence of Kenya
Disneyland opens
Richard Nixon elected
Berlin Wall erected
 
Answer Stats
Answer % Correct
1963 JFK assassination
54%
1962 Cuban Missile Crisis
47%
1969 Woodstock
47%
1967 Summer of Love
38%
1969 Apollo 11 Mission
36%
1965 Malcolm X assassination
31%
1968 Richard Nixon elected
30%
1961 Berlin Wall erected
25%
1963 "Sound of Silence" released
25%
1965 Star Trek: The Original Series
24%
1968 Mexico City Olympics
23%
1962 Lawrence of Arabia released
20%
1968 Prague Spring
16%
1960 U2 Incident
13%
1966 Cultural Revolution begins
10%
1963 Independence of Kenya
10%
No matching quizzes found
Score Distribution
Percent of People with Each Score
Percentile by Number Answered
Your Score History
You have not taken this quiz